<?xml version="1.0" encoding="UTF-8"?>
<record
    xmlns:xsi="http://www.w3.org/2001/XMLSchema-instance"
    xsi:schemaLocation="http://www.loc.gov/MARC21/slim http://www.loc.gov/standards/marcxml/schema/MARC21slim.xsd"
    xmlns="http://www.loc.gov/MARC21/slim">

  <leader>02244nam a22003617a 4500</leader>
  <datafield tag="999" ind1=" " ind2=" ">
    <subfield code="c">6585</subfield>
    <subfield code="d">6585</subfield>
  </datafield>
  <controlfield tag="003">OSt</controlfield>
  <controlfield tag="005">20260414094835.0</controlfield>
  <controlfield tag="008">240305b           ||||| |||| 00| 0 spa d</controlfield>
  <datafield tag="020" ind1=" " ind2=" ">
    <subfield code="a">9789873048456</subfield>
  </datafield>
  <datafield tag="040" ind1=" " ind2=" ">
    <subfield code="c">PJ-TDF</subfield>
  </datafield>
  <datafield tag="245" ind1="1" ind2="0">
    <subfield code="a">Revista de Derecho de Da&#xF1;os :</subfield>
    <subfield code="b">prevenci&#xF3;n del da&#xF1;o. Perspectivas procesales /</subfield>
    <subfield code="c">Jorge Mosset Iturraspe ; Ricardo Luis Lorenzetti directores.</subfield>
  </datafield>
  <datafield tag="260" ind1=" " ind2=" ">
    <subfield code="a">Buenos Aires : </subfield>
    <subfield code="b">Rubinzal - Culzoni, </subfield>
    <subfield code="c">2024.</subfield>
  </datafield>
  <datafield tag="300" ind1=" " ind2=" ">
    <subfield code="a">664 p.</subfield>
    <subfield code="c">22 cm.</subfield>
  </datafield>
  <datafield tag="310" ind1=" " ind2=" ">
    <subfield code="a">cuatrimestral</subfield>
  </datafield>
  <datafield tag="362" ind1=" " ind2=" ">
    <subfield code="a">No. 1 (2024)</subfield>
  </datafield>
  <datafield tag="505" ind1=" " ind2=" ">
    <subfield code="t">La funci&#xF3;n preventiva del derecho de da&#xF1;os y los instrumentos para la prevenci&#xF3;n del da&#xF1;o en el derecho uruguayo /</subfield>
    <subfield code="r">Andr&#xE9;s Mari&#xF1;o L&#xF3;pez.</subfield>
  </datafield>
  <datafield tag="505" ind1=" " ind2=" ">
    <subfield code="t">Pasado y presente de la implementaci&#xF3;n de la prevenci&#xF3;n del da&#xF1;o en el derecho privado argentino /</subfield>
    <subfield code="r">A&#xED;da Kemelmajer.</subfield>
  </datafield>
  <datafield tag="505" ind1=" " ind2=" ">
    <subfield code="t">Presupuestos sustanciales y requisitos de procedencia de la prevenci&#xF3;n del da&#xF1;o /</subfield>
    <subfield code="r">Fernando Alfredo Sagarna.</subfield>
  </datafield>
  <datafield tag="505" ind1=" " ind2=" ">
    <subfield code="t">La problem&#xE1;tica de la implementaci&#xF3;n de la suspensi&#xF3;n preventiva de la ejecuci&#xF3;n del contrato /</subfield>
    <subfield code="r">Sandra A. Frustagli y Julieta B. Trivisonno.</subfield>
  </datafield>
  <datafield tag="505" ind1=" " ind2=" ">
    <subfield code="t">La implementaci&#xF3;n de la prevenci&#xF3;n en favor de las personas consumidoras: experiencias y desaf&#xED;os /</subfield>
    <subfield code="r">Carlos A. Hern&#xE1;ndez.</subfield>
  </datafield>
  <datafield tag="505" ind1=" " ind2=" ">
    <subfield code="t">Derecho de las mujeres a vivir una vida digna. la prevenci&#xF3;n del da&#xF1;o - impuesto al tamp&#xF3;n /</subfield>
    <subfield code="r">Graciela Medina.</subfield>
  </datafield>
  <datafield tag="505" ind1=" " ind2=" ">
    <subfield code="t">Herramientas del derecho de sociedades para la prevenci&#xF3;n del da&#xF1;o /</subfield>
    <subfield code="r">Jimena M&#xE1;rquez y Horacio Roitman.</subfield>
  </datafield>
  <datafield tag="505" ind1=" " ind2=" ">
    <subfield code="t">Seguro y prevenci&#xF3;n del da&#xF1;o /</subfield>
    <subfield code="r">Miguel A. Piedecasas.</subfield>
  </datafield>
  <datafield tag="505" ind1=" " ind2=" ">
    <subfield code="t">Activismo preventivo judicial, oralidad y sus l&#xED;mites /</subfield>
    <subfield code="r"> Julieta B. Hauser y Federico A. Ossola.</subfield>
  </datafield>
  <datafield tag="505" ind1=" " ind2=" ">
    <subfield code="t">Prevenci&#xF3;n del da&#xF1;o a trav&#xE9;s de las medidas cautelares /</subfield>
    <subfield code="r">Ana Clara Pauletti.</subfield>
  </datafield>
  <datafield tag="505" ind1=" " ind2=" ">
    <subfield code="t">Tutela anticipada en la prevenci&#xF3;n y en la reparaci&#xF3;n de da&#xF1;os - recaudos para su despacho y diferencias con otras herramientas procesales /</subfield>
    <subfield code="r">Andr&#xE9;s Manuel Marfil.</subfield>
  </datafield>
  <datafield tag="505" ind1=" " ind2=" ">
    <subfield code="t">Monitoreo de la ejecuci&#xF3;n de la sentencia preventiva de da&#xF1;os /</subfield>
    <subfield code="r">Andrea A. Mero.</subfield>
  </datafield>
  <datafield tag="650" ind1=" " ind2="0">
    <subfield code="9">3331</subfield>
    <subfield code="a">DA&#xD1;O</subfield>
  </datafield>
  <datafield tag="700" ind1=" " ind2=" ">
    <subfield code="9">528</subfield>
    <subfield code="a">Mosset Iturraspe, Jorge </subfield>
    <subfield code="e">director</subfield>
  </datafield>
  <datafield tag="700" ind1=" " ind2=" ">
    <subfield code="a">Lorenzetti, Ricardo Luis</subfield>
    <subfield code="e">director</subfield>
    <subfield code="9">529</subfield>
  </datafield>
  <datafield tag="866" ind1=" " ind2=" ">
    <subfield code="a">.</subfield>
  </datafield>
  <datafield tag="942" ind1=" " ind2=" ">
    <subfield code="2">udc</subfield>
    <subfield code="c">PP</subfield>
  </datafield>
  <datafield tag="952" ind1=" " ind2=" ">
    <subfield code="0">0</subfield>
    <subfield code="1">0</subfield>
    <subfield code="2">udc</subfield>
    <subfield code="4">0</subfield>
    <subfield code="7">0</subfield>
    <subfield code="a">DJS</subfield>
    <subfield code="b">DJS</subfield>
    <subfield code="d">2026-02-27</subfield>
    <subfield code="p">6741</subfield>
    <subfield code="r">2026-02-27</subfield>
    <subfield code="w">2026-02-27</subfield>
    <subfield code="y">PP</subfield>
  </datafield>
</record>
